[Event "Sochi-A"]
[Site "Sochi"]
[Date "1989.??.??"]
[Round "?"]
[White "Ruban, Vadim"]
[Black "Kotronias, Vasilios"]
[Result "0-1"]
[WhiteElo "2515"]
[BlackElo "2475"]

1.d4 d5 2.c4 e6 3.Nc3 Be7 4.Nf3 Nf6 5.Bf4 O-O 6.e3 c5 7.dxc5 Bxc5 8.a3 Nc6
9.Qc2 Qa5 10.O-O-O dxc4 11.Bxc4 a6 12.Ng5 Be7 13.h4 h6 14.g4 b5 15.Nce4 g6
16.Nxf6+ Bxf6 17.Bd3 b4 18.Bxg6 hxg5 19.hxg5 Be5 20.Bxf7+ Rxf7 21.Qg6+ Kf8
22.Qh6+ Bg7 23.Bd6+ Ne7 24.Qh2 bxa3 25.Bxa3 Bb7 26.g6 Be4 27.Rd4 Rc8+ 28.Kd1 Bf3+  0-1

[Event "Sochi-A"]
[Site "Sochi"]
[Date "1989.??.??"]
[Round "?"]
[White "Ruban, Vadim"]
[Black "Geller, Efim P"]
[Result "1/2-1/2"]
[WhiteElo "2515"]
[BlackElo "2505"]

1.d4 d5 2.c4 e6 3.Nc3 Be7 4.Nf3 Nf6 5.Bf4 O-O 6.e3 c5 7.dxc5 Bxc5 8.Qc2 Nc6
9.a3 Bd7 10.Rd1 Rc8 11.Be2 Be7 12.O-O dxc4 13.Bxc4 Qb6 14.Ng5 h6 15.Nge4 Na5
16.Nxf6+ Bxf6 17.Ba2 Bb5 18.Bb1 g6 19.Rd6 Qc5 20.Rxe6 Qc4 21.Nxb5 Qxc2 22.Bxc2 fxe6
23.Bxg6 Kg7  1/2-1/2

[Event "Sochi-A"]
[Site "Sochi"]
[Date "1989.??.??"]
[Round "?"]
[White "Goldin, Alexander"]
[Black "Geller, Efim P"]
[Result "1-0"]
[WhiteElo "2525"]
[BlackElo "2505"]

1.d4 d5 2.c4 e6 3.Nc3 Be7 4.Nf3 Nf6 5.Bf4 O-O 6.e3 c5 7.dxc5 Qa5 8.Qc2 Nc6
9.a3 Qxc5 10.O-O-O Bd7 11.g4 Rfc8 12.Kb1 Be8 13.Nd2 Bf8 14.g5 Nh5 15.cxd5 Nxf4
16.exf4 Nd4 17.Qd3 Nf5 18.Bh3 b5 19.Bxf5 exf5 20.Nb3 Qb6 21.Qe3 b4 22.Qxb6 axb6
23.axb4 Bxb4 24.Rd3 Rc4 25.d6 Bxc3 26.Rxc3 Rxf4 27.Rhc1 Bd7 28.Rc7 Be6 29.d7 Rf8
30.Rd1 Bxd7 31.Rdxd7 Rxf2 32.h4  1-0

[Event "Vejstrup"]
[Site "Vejstrup"]
[Date "1989.??.??"]
[Round "?"]
[White "Polgar, Zsuzsa"]
[Black "Schussler, Harry"]
[Result "1/2-1/2"]
[WhiteElo "2520"]
[BlackElo "2540"]

1.d4 Nf6 2.Nf3 e6 3.c4 d5 4.Nc3 Be7 5.Bf4 O-O 6.e3 c5 7.dxc5 Bxc5 8.Be2 dxc4
9.Bxc4 a6 10.O-O b5 11.Bd3 Bb7 12.Ng5 Nbd7 13.Nge4 b4 14.Nxf6+ Nxf6 15.Na4 Be7
16.Rc1 Rc8 17.Rxc8 Qxc8 18.Qc2 Qxc2 19.Bxc2 Nd5 20.Be5 Rc8 21.Bb3 Bf6 22.Bxf6 gxf6
23.Rd1 Kf8 24.Kf1 Rc7 25.e4 Ne7 26.f3 f5 27.exf5 Nxf5 28.Kf2 Ke7 29.Nb6 a5
30.Nc4 Rc5 31.Ne3 Nxe3 32.Kxe3 Bc6 33.Rd2 Rh5 34.g3 Re5+ 35.Kf2 Rh5 36.Ke3 Re5+
37.Kf2 Rh5 38.Ke3 Re5+  1/2-1/2

[Event "Vrnjacka Banja"]
[Site "Vrnjacka Banja"]
[Date "1989.??.??"]
[Round "?"]
[White "Skembris, Spyridon"]
[Black "Abramovic, Bosko"]
[Result "1/2-1/2"]
[WhiteElo "2455"]
[BlackElo "2485"]

1.d4 d5 2.c4 e6 3.Nc3 Be7 4.Nf3 Nf6 5.Bf4 O-O 6.e3 c5 7.dxc5 Bxc5 8.cxd5 Nxd5
9.Nxd5 exd5 10.a3 Nc6 11.Bd3 Bb6 12.Qc2 h6 13.O-O Qf6 14.b4 Bg4 15.b5 Ne7
16.Be5 Qe6 17.Qb2  1/2-1/2

[Event "Aarhus op"]
[Site "Aarhus"]
[Date "1990.??.??"]
[Round "2"]
[White "Hansen, Sune Berg"]
[Black "Grabarczyk, Miroslaw"]
[Result "1-0"]
[WhiteElo "2335"]
[BlackElo "2275"]

1.d4 d5 2.c4 e6 3.Nf3 Nf6 4.Nc3 Be7 5.Bf4 O-O 6.e3 a6 7.cxd5 Nxd5 8.Nxd5 exd5
9.a3 Bf5 10.Rc1 Bd6 11.Bxd6 Qxd6 12.Be2 Nd7 13.O-O h6 14.Qb3 Rab8 15.Qc3 c6
16.Bd3 Bxd3 17.Qxd3 a5 18.Nd2 Nf6 19.h3 a4 20.Qc2 Ra8 21.Qc5 Qd7 22.Qb4 Rfe8
23.Rb1 Qe7 24.Qc3 Ra7 25.Rfe1 Qd7 26.f3 Rd8 27.Rbd1 Ra6 28.Qc2 Qc7 29.Nb1 b5
30.Nc3 Qb6 31.Na2 Raa8 32.Nb4 Rac8 33.Rc1 Rd6 34.Red1 Nd7 35.Qf2 Qd8 36.e4 dxe4
37.fxe4 c5 38.Nd5 Nf6 39.dxc5 Nxe4 40.cxd6 Rxc1 41.Rxc1 Nxf2 42.Rc8  1-0

[Event "AUT-chT"]
[Site "Austria"]
[Date "1990.??.??"]
[Round "?"]
[White "Robatsch, Karl"]
[Black "Baumgartner, Heinz"]
[Result "0-1"]
[WhiteElo "2400"]
[BlackElo "2350"]

1.Nf3 d5 2.d4 Nf6 3.c4 e6 4.Nc3 Be7 5.Bf4 O-O 6.Rc1 c5 7.dxc5 Bxc5 8.e3 Nc6
9.cxd5 exd5 10.Be2 Be6 11.O-O a6 12.Ne5 Be7 13.Na4 Nxe5 14.Bxe5 Rc8 15.Rxc8 Qxc8
16.Qd4 b5 17.Nc3 Rd8 18.Bd3 Ne8 19.Rc1 Qb7 20.Ne2 Rc8 21.Rxc8 Bxc8 22.a4 Qc6
23.axb5 axb5 24.Qa7 Bc5 25.Qb8 Bd7 26.h3 f6 27.Bc3 Qc7 28.Qxc7 Nxc7 29.Ba5 Ne6
30.b4 Ba7 31.Nc3 d4 32.Nxb5 Bxb5 33.Bxb5 dxe3 34.Bc4 exf2+ 35.Kf1 Kf7 36.Bc7 Ke7
37.Bxe6 Kxe6 38.b5 Bc5 39.g4 Kd5 40.Ba5 Bd4 41.Bb4 Kc4 42.Bf8 g5 43.Bd6 Kxb5  0-1

[Event "AUT-chT"]
[Site "Austria"]
[Date "1990.??.??"]
[Round "?"]
[White "Schroll, Gerhard"]
[Black "Brandner, Stefan"]
[Result "1-0"]
[WhiteElo "2260"]
[BlackElo "2285"]

1.d4 d5 2.c4 e6 3.Nf3 Nf6 4.Nc3 Be7 5.Bf4 O-O 6.e3 b6 7.cxd5 Nxd5 8.Nxd5 Qxd5
9.Bd3 Bb4+ 10.Ke2 Bd6 11.e4 Qa5 12.Bd2 Bb4 13.a3 Bxd2 14.Qxd2 Qa4 15.Rhc1 e5
16.Rxc7 Ba6 17.Qc2 Bxd3+ 18.Qxd3 exd4 19.Rac1 Na6 20.R7c4 Qb5 21.Nxd4 Qh5+
22.Nf3 Rad8 23.Qc2 Nc5 24.Kf1 Ne6 25.e5 g5 26.Qf5 Kh8 27.h4 Rd5 28.Qf6+ Kg8
29.g4 Qg6 30.hxg5 Qd3+ 31.Kg2 Nc5 32.Qf5 Qb3 33.Rh1  1-0

[Event "Bela Crkva op"]
[Site "Bela Crkva"]
[Date "1990.??.??"]
[Round "4"]
[White "Chudinovskih, Alexander"]
[Black "Abramovic, Bosko"]
[Result "1/2-1/2"]
[WhiteElo "2305"]
[BlackElo "2495"]

1.Nf3 d5 2.d4 Nf6 3.c4 e6 4.Nc3 Be7 5.Bf4 O-O 6.e3 c5 7.dxc5 Bxc5 8.Rc1 Be7
9.cxd5 Nxd5 10.Nxd5 exd5 11.a3 Nc6 12.Be2 Bf6 13.Qd2 d4 14.exd4 Nxd4 15.Nxd4 Qxd4
16.Qxd4 Bxd4 17.Rc2 Bf5 18.Rd2 Rad8 19.O-O Bf6 20.Rfd1 Rxd2 21.Rxd2 g5 22.Bxg5 Bxg5
23.Rd5 Re8 24.Bf1 Bf6  1/2-1/2

[Event "Biel-Tbilisi"]
[Site "Biel"]
[Date "1990.??.??"]
[Round "1"]
[White "Partos, Charles"]
[Black "Ioseliani, Nana"]
[Result "1/2-1/2"]
[WhiteElo "2390"]
[BlackElo "2480"]

1.d4 Nf6 2.c4 e6 3.Nc3 d5 4.Nf3 Be7 5.Bf4 O-O 6.e3 c5 7.dxc5 Bxc5 8.a3 dxc4
9.Bxc4 a6 10.b4 Be7 11.Qxd8 Rxd8 12.Bc7 Re8 13.Bb6 Nbd7 14.Na4 Bd8 15.Bxd8 Rxd8
16.Be2 b6 17.O-O Bb7 18.Rfc1 Rdc8 19.Nd2 b5 20.Nb2 Nd5 21.Nd1 N5b6 22.f3 f5
23.Kf2 Kf7 24.e4 fxe4 25.fxe4 Ke7 26.Ke3 Ne5 27.Nb2 Rxc1 28.Rxc1 Rc8 29.Rxc8 Bxc8
30.Nb3 Kd6 31.h3 Nbd7 32.Na5 Nb6 33.Kd4 Nbd7 34.a4 bxa4 35.Nxa4 Nb8 36.Nb6 Nec6+
37.Kc3 Nxa5 38.Nxc8+ Kc7 39.bxa5 Kxc8 40.Kd4 Kc7 41.Bc4 Nc6+ 42.Kc5 Nxa5
43.Bxa6 Nc6 44.Bc4 Nd8  1/2-1/2

[Event "Bielsko Biala op"]
[Site "Bielsko Biala"]
[Date "1990.??.??"]
[Round "10"]
[White "Rotstein, Arkadij"]
[Black "Dyballa, Markus"]
[Result "0-1"]
[WhiteElo "2345"]
[BlackElo "2260"]

1.d4 Nf6 2.c4 e6 3.Nc3 d5 4.Nf3 Be7 5.Bf4 O-O 6.e3 c5 7.dxc5 Bxc5 8.Qc2 Nc6
9.Rd1 Qa5 10.a3 Ne4 11.Nd2 Nxd2 12.Rxd2 e5 13.Bg3 d4 14.Nd5 dxe3 15.fxe3 Bb6
16.Bd3 f5 17.O-O e4 18.Be2 Be6 19.Bd6 Rfd8 20.Bb4 Nxb4 21.axb4 Rxd5 22.Qc3 Qxb4
23.Qxb4 Bxe3+ 24.Kh1 Rxd2 25.Qe7 Bd7 26.c5 h6 27.Bc4+ Kh8 28.h4 f4 29.Bf7 f3
30.gxf3 Bh3 31.Rg1 Bxg1 32.Kxg1 exf3 33.Bc4 Rad8 34.Bf1 f2+ 35.Kh2 Bxf1  0-1

[Event "Borshomi cf (Women)"]
[Site "Borshomi"]
[Date "1990.??.??"]
[Round "4"]
[White "Galliamova, Alisa"]
[Black "Kachiani Gersinska, Ketino"]
[Result "1/2-1/2"]
[WhiteElo "2370"]
[BlackElo "2330"]

1.Nf3 Nf6 2.c4 e6 3.Nc3 d5 4.d4 Be7 5.Bf4 O-O 6.e3 Nbd7 7.Qc2 c6 8.Bd3 dxc4
9.Bxc4 b5 10.Bd3 Bb7 11.O-O Rc8 12.Ng5 h6 13.Nge4 b4 14.Na4 Nxe4 15.Bxe4 Ba6
16.Rfc1 c5 17.Nxc5 Nxc5 18.dxc5 Bxc5 19.Qxc5 Rxc5 20.Rxc5 Bd3 21.Rd1 Bxe4
22.Rxd8 Rxd8 23.Rc1 Rd2 24.f3 Bg6 25.Rc8+ Kh7 26.Ra8 Rxb2  1/2-1/2

[Event "Spring op"]
[Site "Budapest"]
[Date "1990.??.??"]
[Round "9"]
[White "Shneider, Aleksandr"]
[Black "Kachiani Gersinska, Ketino"]
[Result "1-0"]
[WhiteElo "2485"]
[BlackElo "2365"]

1.d4 d5 2.Nf3 Nf6 3.c4 e6 4.Nc3 Be7 5.Bf4 O-O 6.e3 c5 7.dxc5 Bxc5 8.Qc2 Qa5
9.Nd2 Bb4 10.Bd3 Nc6 11.O-O d4 12.Nb3 Qd8 13.exd4 Nxd4 14.Nxd4 Qxd4 15.Ne2 Qd8
16.Rad1 Qa5 17.a3 Be7 18.Nc3 a6 19.Ne4 Nxe4 20.Bxe4 h6 21.Bd6 Bxd6 22.Rxd6 e5
23.c5 Qc7 24.b4 Be6 25.Rfd1 Rae8 26.h3 Bc8 27.Bh7+ Kh8 28.Bf5 Re7 29.Qe4 a5
30.Qg4 axb4 31.axb4 e4 32.Qf4 Bxf5 33.Qxf5 e3 34.fxe3 Rxe3 35.Rd7 Qg3 36.Qf2 Qe5
37.Rxb7 Re2 38.Qf3 Re3 39.Qf2 Re2 40.Qf3 Re3 41.Qf1 f5 42.Rbd7 Kh7 43.R7d3 Re2
44.Rf3 f4 45.Rf2 Re3 46.Rf3 Rf6 47.Rxe3 fxe3 48.Qd3+ Rg6 49.Re1 Qg3 50.Re2 Qf4
51.b5 Qa4 52.Rxe3 Qa1+ 53.Kh2 Qb2 54.Rg3  1-0

[Event "Budapest Herbstlich"]
[Site "Budapest"]
[Date "1990.??.??"]
[Round "10"]
[White "Knezevic, Milorad"]
[Black "Moskalenko, Viktor"]
[Result "1/2-1/2"]
[WhiteElo "2445"]
[BlackElo "2515"]

1.d4 d5 2.c4 e6 3.Nc3 Nf6 4.Nf3 Be7 5.Bf4 O-O 6.e3 c5 7.dxc5 Nc6 8.a3 Bxc5
9.Rc1 Be7 10.Be2 dxc4 11.Bxc4 Qxd1+ 12.Rxd1 Bd7  1/2-1/2

[Event "Cannes op"]
[Site "Cannes"]
[Date "1990.??.??"]
[Round "3"]
[White "Foisor, Ovidiu"]
[Black "Banchev, Borislav"]
[Result "1/2-1/2"]
[WhiteElo "2455"]
[BlackElo "2240"]

1.d4 e6 2.c4 d5 3.Nc3 Be7 4.Nf3 Nf6 5.Bf4 O-O 6.e3 c6 7.a3 b6 8.Bd3 dxc4
9.Bxc4 Nd5 10.Nxd5 cxd5 11.Bd3 Ba6 12.Rc1 Bxd3 13.Qxd3 Bd6 14.Bg3 Qd7 15.Bxd6 Qxd6
16.Qc3 Na6 17.O-O f6 18.Qc6 Qxc6 19.Rxc6 Rfe8 20.Rfc1 Kf7 21.b4 Rad8 22.Kf1 Re7
23.Ke2 Rdd7 24.Rc8 Rc7 25.R1xc7 Rxc7 26.Ra8 Rb7 27.Rc8 Nc7 28.a4 Ne8 29.Rc6 Ke7
30.Kd3 Kd7 31.Rc1 Nd6 32.Nd2 Rc7  1/2-1/2

[Event "Dieren op"]
[Site "Dieren"]
[Date "1990.??.??"]
[Round "6"]
[White "Osterman, Rudolf"]
[Black "Krudde, Fitzgerald"]
[Result "1-0"]
[WhiteElo "2375"]
[BlackElo "2270"]

1.Nf3 Nf6 2.d4 d5 3.c4 e6 4.Nc3 Be7 5.Bf4 O-O 6.e3 c5 7.dxc5 Bxc5 8.Qc2 Nc6
9.a3 Qa5 10.O-O-O Be7 11.Nd2 e5 12.Bg5 d4 13.Nb3 Qb6 14.exd4 Nxd4 15.Nxd4 exd4
16.Bxf6 Bxf6 17.Nd5 Qd8 18.Bd3 Bg5+ 19.Kb1 Kh8 20.f4 Bf6 21.Rhe1 a5 22.Bxh7 g6
23.Bxg6 fxg6 24.Qxg6 Ra6 25.Qh5+ Kg8 26.Rd3 Rf7 27.Nxf6+ Qxf6 28.Rg3+ Kf8
29.Qc5+ Rd6 30.Qxc8+ Rd8 31.Qc5+ Rd6 32.Ka2 Rd7 33.Qh5 d3 34.Qe8+  1-0

[Event "Dornbirn op"]
[Site "Dornbirn"]
[Date "1990.??.??"]
[Round "?"]
[White "Feistenauer, Fred"]
[Black "Donev, Ivo Hristov"]
[Result "0-1"]
[WhiteElo "2300"]
[BlackElo "2385"]

1.c4 e6 2.Nc3 d5 3.d4 Be7 4.Bf4 Nf6 5.Nf3 O-O 6.e3 c5 7.dxc5 Bxc5 8.cxd5 Nxd5
9.Nxd5 exd5 10.Be5 Nc6 11.Bc3 Bg4 12.Be2 Bxf3 13.Bxf3 d4 14.exd4 Re8+ 15.Kf1 Nxd4
16.g3 Qb6 17.Kg2 Rad8 18.Re1 Rxe1 19.Bxe1 Nxf3 20.Qxf3 Qxb2 21.Bc3 Qc2  0-1

[Event "FIN-chT"]
[Site "?"]
[Date "1990.??.??"]
[Round "?"]
[White "Norri, Joose"]
[Black "Kujala, Auvo"]
[Result "1-0"]
[WhiteElo "2360"]
[BlackElo "2285"]

1.d4 d5 2.c4 e6 3.Nc3 Be7 4.Nf3 Nf6 5.Bf4 O-O 6.e3 c5 7.dxc5 Bxc5 8.Qc2 Nc6
9.a3 Qa5 10.O-O-O a6 11.Nd2 Be7 12.g4 dxc4 13.Nxc4 Qc5 14.Na4 Qa7 15.Nab6 Nd5
16.Nxa8 Qxa8 17.Bg2 b5 18.Nb6 Nxb6 19.Qxc6 Qxc6+ 20.Bxc6 e5 21.Bxe5 Bxg4
22.f3 Bh5 23.Kb1 Nc4 24.Bd4 Bg5 25.Rhe1 Rd8 26.Ka2 Na5 27.Be4 f5 28.Bxf5 Bf7+
29.Kb1 Nc4 30.Rg1 Bh6 31.f4 g6 32.h4 Bg7 33.Bxg7 Rxd1+ 34.Rxd1 Nxe3 35.Rd8+ Kxg7
36.Be4 a5 37.Rb8 Bc4 38.Rb7+ Kh6 39.Bc6 Nf5 40.Ra7 a4 41.Rb7 Nd4 42.Be8 Nf5
43.Kc2 Nd6 44.Re7 Nxe8 45.Rxe8 Kh5 46.Rh8 Kxh4 47.Rxh7+ Kg4 48.Rg7 Kf5 49.Kc3 Kf6
50.Rb7 Kf5 51.Rb6 Bf1 52.Kd4 Bc4 53.Ke3 Bf1 54.Rc6 Bc4 55.Rc5+ Kf6 56.Ke4 Ke6
57.Rc6+ Kf7 58.Ke5 Bd3 59.Rc7+ Kf8 60.Kf6 Kg8 61.Rg7+  1-0

[Event "FIN-chT"]
[Site "?"]
[Date "1990.??.??"]
[Round "?"]
[White "Norri, Joose"]
[Black "Nokso Koivisto, A."]
[Result "0-1"]
[WhiteElo "2360"]
[BlackElo "2380"]

1.d4 d5 2.c4 e6 3.Nc3 Be7 4.Nf3 Nf6 5.Bf4 O-O 6.e3 c5 7.dxc5 Bxc5 8.Qc2 Nc6
9.O-O-O Qa5 10.a3 dxc4 11.Bxc4 a6 12.Nd2 b5 13.Bd3 Be7 14.Nce4 Bb7 15.Nb3 Qb6
16.Nxf6+ gxf6 17.Bxh7+ Kg7 18.Qe2 Kxh7 19.Qh5+ Kg8 20.Qg4+ Kh7 21.e4 Rfd8
22.Qh4+ Kg8 23.Qg3+ Kh7 24.Be3 Nd4 25.Nxd4 Rac8+ 26.Kb1 Bxe4+ 27.Ka1 Qb7
28.f3 Bg6 29.h4 b4 30.h5 Bc2 31.Nxc2 bxa3 32.Nxa3 Bxa3 33.Qf2 Qb3 34.Rxd8 Rxd8
35.Rc1 Bxb2+ 36.Qxb2 Qxe3 37.Rc2 Rd4 38.Ka2 a5 39.Rc3 Ra4+ 40.Kb1 Qd4 41.Qc2+ Kg7
42.Kb2 Rc4  0-1

[Event "FIN-chT"]
[Site "?"]
[Date "1990.??.??"]
[Round "?"]
[White "Norri, Joose"]
[Black "Kekki, Petri"]
[Result "0-1"]
[WhiteElo "2360"]
[BlackElo "2280"]

1.d4 e6 2.c4 d5 3.Nc3 Be7 4.Nf3 Nf6 5.Bf4 O-O 6.e3 b6 7.Rc1 dxc4 8.Bxc4 Bb7
9.O-O c5 10.dxc5 Bxc5 11.Qe2 Nbd7 12.a3 Re8 13.Rfd1 a6 14.Ne5 Ra7 15.Na4 Be7
16.Nxd7 Nxd7 17.Bxe6 fxe6 18.Rc7 Bf3 19.Rxa7 Bxe2 20.Rdxd7 Qc8 21.Rac7 Qa8
22.f3 Bxf3 23.Nxb6 Qe4 24.Nc4 Qb1+ 25.Kf2 Bd5 26.Rxe7 Qc2+ 27.Ke1 Rxe7 28.Rc8+ Re8
29.Rxe8+ Kf7 30.Nd6+ Kg6 31.g4 Qc1+ 32.Ke2 Qxb2+ 33.Ke1 Qb1+ 34.Kd2 Qa2+
35.Kc3 Qxa3+ 36.Kd4 Qb4+ 37.Kd3 Qb3+ 38.Kd2 Qb2+ 39.Ke1 Qb1+ 40.Kd2 Qa2+
41.Kc3 a5 42.h4 h5 43.Rh8 Qb3+ 44.Kd2 Qb2+ 45.Kd3 Bf3 46.gxh5+ Bxh5 47.Ke4 Qg2+  0-1

[Event "Gausdal Int"]
[Site "Gausdal"]
[Date "1990.??.??"]
[Round "6"]
[White "Ostenstad, Berge"]
[Black "Lein, Anatoly"]
[Result "1/2-1/2"]
[WhiteElo "2425"]
[BlackElo "2490"]

1.d4 Nf6 2.c4 e6 3.Nc3 d5 4.Nf3 Be7 5.Bf4 c6 6.e3 Nbd7 7.Qc2 O-O 8.h3 Re8
9.O-O-O Qa5 10.cxd5 exd5 11.Kb1 Bb4 12.Rc1 Ne4 13.Nxe4 dxe4 14.Ng5 Nb6 15.f3 h6
16.Nxe4 Be6 17.a3 Qd5 18.Nc3 Bxc3 19.bxc3 Bf5 20.e4 Rxe4 21.fxe4 Bxe4 22.Bd3 Bxd3
23.Qxd3 Qb3+ 24.Ka1  1/2-1/2

[Event "BL2-N8990"]
[Site "Germany"]
[Date "1990.??.??"]
[Round "?"]
[White "Bartelborth, Thomas"]
[Black "Rabiega, Robert"]
[Result "0-1"]
[WhiteElo "2225"]
[BlackElo "2345"]

1.d4 d5 2.Nf3 Nf6 3.c4 e6 4.Nc3 Be7 5.Bf4 O-O 6.e3 c5 7.dxc5 Bxc5 8.Qc2 Nc6
9.Rd1 Qa5 10.a3 Be7 11.Nd2 e5 12.Bg5 d4 13.Nb3 Qb6 14.Bxf6 Bxf6 15.Nd5 Qd8
16.Bd3 g6 17.exd4 Nxd4 18.Nxd4 exd4 19.Nxf6+ Qxf6 20.O-O Be6 21.f4 Rad8 22.Qa4 a6
23.Qa5 Bg4 24.Rde1 Rfe8 25.Re5 Rxe5 26.fxe5 Qg5 27.Kh1 Rd7 28.Qe1 Re7 29.Qg3 Rxe5
30.Qf2 Re7 31.Qxd4 Rd7 32.Qf2 Be6 33.Qe2 Qd8 34.Be4 Rd2 35.Qf3 Bxc4 36.Rc1 b5
37.Re1 Rxb2 38.h3 Rb3 39.Rd1 Qe7 40.Qf4 Rxa3 41.Bd5 Bxd5 42.Rxd5  0-1

[Event "Guernsey op"]
[Site "Guernsey"]
[Date "1990.??.??"]
[Round "?"]
[White "Martin, Andrew D"]
[Black "Bartels, Hans A"]
[Result "0-1"]
[WhiteElo "2415"]
[BlackElo "2395"]

1.d4 d5 2.Nf3 Nf6 3.c4 e6 4.Nc3 Be7 5.Bf4 O-O 6.e3 c5 7.dxc5 Qa5 8.Qc2 Nc6
9.a3 Bxc5 10.Rd1 Be7 11.Nd2 e5 12.Nb3 Qb6 13.Bg5 d4 14.Bxf6 Bxf6 15.Nd5 Qd8
16.Bd3 g6 17.exd4 Nxd4 18.Nxd4 exd4 19.Nxf6+ Qxf6 20.O-O Re8 21.Be4 Qe5 22.f3 Be6
23.Rfe1 Qc5 24.Bxb7 Rab8 25.Qa4 d3+ 26.Kh1 Qxc4 27.b4 d2 28.Rxd2 Bd7 29.Rxe8+ Bxe8
30.Ba6 Qe6  0-1

[Event "Hastings Challengers9091"]
[Site "Hastings"]
[Date "1990.??.??"]
[Round "?"]
[White "Suba, Mihai"]
[Black "Resende, Antonio Carlos"]
[Result "1-0"]
[WhiteElo "2520"]
[BlackElo "2315"]

1.d4 Nf6 2.c4 e6 3.Nc3 d5 4.Nf3 Be7 5.Bf4 O-O 6.e3 c5 7.dxc5 Nc6 8.cxd5 exd5
9.Be2 Bxc5 10.O-O Be6 11.a3 Rc8 12.Rc1 Be7 13.Ne5 Qa5 14.Qd3 Rfd8 15.Nxc6 Rxc6
16.b4 Qxa3 17.Nxd5 Qxd3 18.Nxe7+ Kf8 19.Nxc6 Qxe2 20.Nxd8 Bd5 21.f3 Qb5 22.Be5 Qd7
23.Rc5 Ne8 24.Rd1 Qxd8 25.Rdxd5 Qb6 26.Rc8 f6 27.Rd7 h5 28.Bd6+ Kg8 29.Rxe8+ Kh7
30.Ree7 Kh6 31.h4  1-0

[Event "USA-ch m"]
[Site "Jacksonville"]
[Date "1990.??.??"]
[Round "1"]
[White "Browne, Walter S"]
[Black "Christiansen, Larry Mark"]
[Result "0-1"]
[WhiteElo "2510"]
[BlackElo "2595"]

1.d4 e6 2.c4 d5 3.Nc3 Be7 4.Nf3 Nf6 5.Bf4 O-O 6.e3 c5 7.dxc5 Bxc5 8.Qc2 Nc6
9.a3 Bd7 10.Rd1 Rc8 11.Bg5 Be7 12.Bxf6 Bxf6 13.cxd5 exd5 14.Rxd5 Qe7 15.Bd3 g6
16.O-O Be6 17.Rb5 Rfd8 18.Be4 a6 19.Rb6 Na5 20.Qa4 Qc5 21.Rb4 Qc7 22.Nd4 Bc4
23.Rxc4 Nxc4 24.Nd5 Qd6 25.Nxf6+ Qxf6 26.Bxb7 Rc7 27.Qxa6 Qxa6 28.Bxa6 Nxb2
29.Bb5 Ra8 30.Rb1 Rxa3 31.Rxb2 Ra1+ 32.Bf1 Rcc1 33.g3 Rxf1+ 34.Kg2 Rfb1 35.Rc2 Rc1
36.Rb2 Rcb1 37.Rd2 Rd1 38.Rc2  0-1

[Event "Kecskemet"]
[Site "Kecskemet"]
[Date "1990.??.??"]
[Round "5"]
[White "Muse, Mladen"]
[Black "Ruf, Matthias"]
[Result "0-1"]
[WhiteElo "2425"]
[BlackElo "2295"]

1.Nf3 Nf6 2.d4 e6 3.c4 d5 4.Nc3 Be7 5.Bf4 O-O 6.e3 a6 7.c5 Nc6 8.h3 b6 9.cxb6 cxb6
10.Rc1 Bb7 11.Bd3 Bd6 12.O-O Bxf4 13.exf4 Qd6 14.g3 Rfd8 15.Re1 Rac8 16.Bb1 b5
17.Ne5 Qb4 18.Nxc6 Rxc6 19.Re2 g6 20.a3 Qa5 21.Na2 Rc4 22.Bd3 Rxd4 23.Nb4 Qb6
24.Qd2 a5 25.Nc2 Rc4 26.Bxc4 dxc4 27.Qe1 Qc6 28.f3 Qxf3 29.Kh2 Rd3 30.a4 Nh5
31.Qf2 Nxg3 32.Qxf3 Rxf3 33.Rg2 Nh5 34.axb5 Nxf4 35.Nd4 Rxh3+ 36.Kg1 Bxg2
37.Rxc4 Bd5 38.Rc8+ Kg7 39.b6 Rd3 40.Nb5 Rb3  0-1

[Event "Kirchheim rapid"]
[Site "Kirchheim"]
[Date "1990.??.??"]
[Round "10"]
[White "Blagojevic, Dragisa"]
[Black "Hresc, Vladimir"]
[Result "1/2-1/2"]
[WhiteElo "2395"]
[BlackElo "2335"]

1.d4 Nf6 2.c4 e6 3.Nc3 d5 4.Nf3 Be7 5.Bf4 O-O 6.e3 b6 7.cxd5 Nxd5 8.Nxd5 exd5
9.Bd3 c5 10.O-O Be6 11.dxc5 bxc5 12.e4 Nc6 13.exd5 Qxd5 14.Qe2 Rad8 15.Be4 Nd4
16.Nxd4 Qxd4 17.Be5 Qc4 18.Qxc4 Bxc4 19.Rfe1 Bd3 20.Bxd3 Rxd3 21.Rad1 Rfd8
22.Rxd3 Rxd3 23.Kf1 f6 24.Ke2 c4  1/2-1/2

[Event "JUG-sf"]
[Site "Kladovo"]
[Date "1990.??.??"]
[Round "2"]
[White "Gostisa, Leon"]
[Black "Vebic, Kasem"]
[Result "1-0"]
[WhiteElo "2370"]
[BlackElo "2315"]

1.d4 Nf6 2.c4 e6 3.Nc3 d5 4.Nf3 Be7 5.Bf4 a6 6.e3 O-O 7.c5 Nh5 8.Bd3 Nxf4
9.exf4 f5 10.O-O Nc6 11.Re1 Bf6 12.Bc2 Ne7 13.Qd2 Ng6 14.g3 Nh8 15.h4 Nf7
16.Ng5 Re8 17.Kg2 h6 18.Nf3 g6 19.b4 Re7 20.a4 Bd7 21.Ne2 Qf8 22.Bd3 Qg7
23.b5 a5 24.Rac1 Be8 25.Rh1 g5 26.Ra1 gxf4 27.Qxf4 e5 28.dxe5 Nxe5 29.Nxe5 Bxe5
30.Qc1 Bxa1 31.Qxa1 Qxa1 32.Rxa1 d4 33.Nxd4 Rd8 34.Nxf5 Re5 35.Nxh6+ Kg7
36.Ng4 Rxc5 37.Ra3 c6 38.b6 Rc1 39.Ne5 Rd5 40.f4 Rd4 41.Kf3 Rb4 42.g4 Rxb6
43.f5 Rb4 44.g5 Bh5+ 45.Kg3 Re1 46.f6+ Kf8 47.Bg6 Rxe5 48.Bxh5 Rbe4 49.Rf3 Re3
50.Rxe3 Rxe3+ 51.Kf4 Rh3 52.Kg4 Rd3 53.g6 Rd5 54.g7+ Kg8 55.Bg6 Rd1 56.h5 Rg1+
57.Kf5 Rf1+ 58.Kg5 b5 59.h6 Rg1+ 60.Kf5  1-0

[Event "JUG-sf"]
[Site "Kladovo"]
[Date "1990.??.??"]
[Round "8"]
[White "Blagojevic, Dragisa"]
[Black "Vukovic, Zdravko"]
[Result "1/2-1/2"]
[WhiteElo "2395"]
[BlackElo "2425"]

1.Nf3 Nf6 2.c4 e6 3.Nc3 d5 4.d4 Be7 5.Bf4 O-O 6.e3 Nc6 7.h3 dxc4 8.Bxc4 Bd6
9.Bxd6 cxd6 10.d5 Ne5 11.Nxe5 dxe5 12.dxe6 Qxd1+ 13.Rxd1 Bxe6 14.Bxe6 fxe6
15.Ke2 Rac8 16.Rc1 Rc6 17.a3 Rfc8 18.Rcd1  1/2-1/2

[Event "Klaipeda"]
[Site "Klaipeda"]
[Date "1990.??.??"]
[Round "13"]
[White "Butnorius, Algimantas"]
[Black "Gefenas, Vladas"]
[Result "1/2-1/2"]
[WhiteElo "2440"]
[BlackElo "2300"]

1.d4 Nf6 2.c4 e6 3.Nf3 d5 4.Nc3 Be7 5.Bf4 O-O 6.e3 c5 7.dxc5 Bxc5 8.cxd5 Nxd5
9.Nxd5 exd5 10.a3 Be7 11.Bd3 Nc6 12.O-O Bf6 13.Qc2 g6 14.Rad1 Be6 15.b4 Rc8
16.Qb1 Qe7 17.h3 Kg7 18.Rfe1 Rfd8 19.Re2 g5 20.Bg3 h5 21.b5 g4 22.hxg4 hxg4
23.Nh2 Ne5 24.Bf5 Rh8 25.Bxe6 Qxe6 26.Red2 Rh5 27.Rd4 Rch8 28.Qb4 Nc4 29.Rf4 Be5
30.Rdd4 Bxd4 31.Rxd4 f5 32.Qc3 Kf7 33.Qd3 Ne5 34.Qc2 Rc8 35.Qd1 Rc5 36.Qb1 Ng6
37.a4 Rh8 38.Rd1 Rhc8 39.Nf1 Qe4 40.Qb2 Rc3 41.a5 Qc4 42.b6 a6 43.Bc7 Rc2
44.Qb1 Ne7 45.Nd2 Qa2 46.Qxa2 Rxa2 47.Nb3 Rc2 48.Nd4 Rc5 49.Ra1 Kf6 50.Kh2 Nc6
51.Nxc6 Rxc6 52.Kg3 Rh8 53.Bf4 Ke6 54.Bc7 Rc4 55.Bf4 Rh7 56.Bb8 d4 57.exd4 Rxd4
58.Bf4 Kd5 59.Be3 Rc4 60.Rd1+ Kc6 61.Rd8 Rf7 62.Bf4 Rd7 63.Rf8 Rc5 64.Be3 Rxa5
65.Rf6+ Rd6 66.Rf7 Rd7 67.Rf6+ Rd6 68.Rf7 Re5 69.Rc7+ Kb5 70.Rxb7 Rd8 71.Rf7 a5
72.b7 Ka6 73.Bf4 Rb5 74.b8=Q Rdxb8 75.Bxb8 Rxb8 76.Rf6+ Rb6 77.Rxf5 Rb4 78.Rf8 a4
79.Ra8+ Kb5 80.f4 gxf3 81.gxf3 Rd4 82.f4 Rd3+ 83.Kg4 a3 84.f5  1/2-1/2

[Event "Kusadasi op"]
[Site "Kusadasi"]
[Date "1990.??.??"]
[Round "8"]
[White "Malaniuk, Vladimir P"]
[Black "Ziatdinov, Raset"]
[Result "1/2-1/2"]
[WhiteElo "2505"]
[BlackElo "2440"]

1.d4 d5 2.c4 e6 3.Nf3 Nf6 4.Nc3 Be7 5.Bf4 O-O 6.e3 c5 7.dxc5 Bxc5 8.Qc2 Nc6
9.a3 Qa5 10.O-O-O a6 11.cxd5 exd5 12.Bg5 Be6 13.Bxf6 gxf6 14.Kb1 Rfc8 15.Qa4 Qxa4
16.Nxa4 Ba7 17.Nc3 Rd8 18.Nd4 Nxd4 19.exd4 Kf8 20.Be2 Rac8 21.Rd2 Ke7 22.Rc1 Kd6
23.b3 Bf5+ 24.Kb2 Be4 25.g3 Re8 26.Na2 Bf5 27.Rxc8 Rxc8 28.Nc3 Be4 29.Bd1 Re8
30.b4 Bg2 31.Be2 f5 32.Bh5 Re7 33.Ne2 Bf1 34.Nf4 Bc4 35.Bd1 Re1 36.Bc2 Rf1
37.Nh3 Rh1 38.f4 Rf1 39.Bxf5 h6 40.Bc2 Re1 41.Bd1 Re4 42.Kc3 Re3+ 43.Kb2 Re4
44.Kc3 Re3+ 45.Kb2  1/2-1/2

[Event "Linz op"]
[Site "Linz"]
[Date "1990.??.??"]
[Round "?"]
[White "Klinger, Josef"]
[Black "Boensch, Uwe"]
[Result "0-1"]
[WhiteElo "2475"]
[BlackElo "2530"]

1.d4 d5 2.c4 e6 3.Nc3 Nf6 4.Nf3 Be7 5.Bf4 O-O 6.e3 c5 7.dxc5 Bxc5 8.Qc2 Nc6
9.a3 Qa5 10.O-O-O Bd7 11.Bg5 Be7 12.Bxf6 Bxf6 13.cxd5 Ne7 14.Bc4 Rac8 15.dxe6 Bxe6
16.Bxe6 fxe6 17.Rd3 Nd5 18.Qb3 Rc6 19.Nd4 Bxd4 20.exd4 Rxf2 21.Re1 Rb6 22.Qc4 Rc6
23.Qb3 Rb6 24.Qc4 Nxc3 25.Rxc3 Qg5+ 26.Ree3 Rc6 27.Qd3 Qxg2 28.Re1 Rxb2 29.Rxc6 bxc6
30.Qc3 Rf2 31.Rxe6 Qg5+ 32.Kb1  0-1

[Event "Lloyds Bank op"]
[Site "London"]
[Date "1990.??.??"]
[Round "?"]
[White "Lodhi, Mahmood"]
[Black "Maric, Alisa"]
[Result "0-1"]
[WhiteElo "2425"]
[BlackElo "2365"]

1.d4 Nf6 2.c4 e6 3.Nf3 d5 4.Nc3 Be7 5.Bf4 O-O 6.e3 c5 7.dxc5 Bxc5 8.Qc2 Nc6
9.a3 Qa5 10.O-O-O Be7 11.Nd2 e5 12.Bg5 d4 13.Nb3 Qb6 14.c5 Qd8 15.exd4 Nxd4
16.Nxd4 exd4 17.Nb5 Qd5 18.Bxf6 Bxf6 19.Bd3 Be6 20.f4 Rfc8 21.b4 a5 22.Bxh7+ Kh8
23.Be4 Qd7 24.Qd3 axb4 25.axb4 Ra1+ 26.Kd2 Ra2+ 27.Kc1 Rca8 28.h4 Ra1+ 29.Kd2 R8a2+
30.Ke1 Rxd1+  0-1